00000000nas##2200000za#4500
0019.512607
003CaOODSP
00520220328113234
007ta
008150406c1999||||xxc|| p #||||f|   |0fre|d
022 |a1206-0054
040 |aCaOODSP|bfre
043 |an-cn---
0861 |aC12-20-1F
1101 |aCanada. |bIndustrie Canada.
24510|aRescol hors ligne
260 |aToronto - Ontario : |bIndustrie Canada
310 |aTrimestriel
563 |aCouverture souple
7760#|tRescol hors ligne : |w(CaOODSP)9.500797